Cavemice: the great mouse race (Record no. 9221)

MARC details
000 -LEADER
fixed length control field 00889nam a22002057a 4500
003 - CONTROL NUMBER IDENTIFIER
control field OSt
005 - DATE AND TIME OF LATEST TRANSACTION
control field 20260317052539.0
008 - FIXED-LENGTH DATA ELEMENTS--GENERAL INFORMATION
fixed length control field 260317b |||||||| |||| 00| 0 eng d
020 ## - INTERNATIONAL STANDARD BOOK NUMBER
International Standard Book Number 978-0-545-64654-3
040 ## - CATALOGING SOURCE
Original cataloging agency DWCL GS lib
Transcribing agency OC
100 ## - MAIN ENTRY--PERSONAL NAME
Personal name STILTON, GERONIMO
245 ## - TITLE STATEMENT
Title Cavemice: the great mouse race
Statement of responsibility, etc. STILTON, GERONIMO
260 ## - PUBLICATION, DISTRIBUTION, ETC.
Place of publication, distribution, etc. New York
Name of publisher, distributor, etc. Scholastic, Inc
Date of publication, distribution, etc. 2014
300 ## - PHYSICAL DESCRIPTION
Extent vii, 114 pages
Dimensions 19 cm.
520 ## - SUMMARY, ETC.
Summary, etc. In Cavemice: The Great Mouse Race (Book #5), Geronimo Stiltonoot navigates the prehistoric Stone Age Games, where the saber-toothed tigers have called a truce to compete. When the tigers' flag goes missing, Tiger Khan blames the mice, forcing Geronimo to solve the mystery to keep his fur intact.
546 ## - LANGUAGE NOTE
Language note English
650 ## - SUBJECT ADDED ENTRY--TOPICAL TERM
Source of heading or term children's fiction,
650 ## - SUBJECT ADDED ENTRY--TOPICAL TERM
Source of heading or term character development and interpersonal skills.
942 ## - ADDED ENTRY ELEMENTS (KOHA)
Source of classification or shelving scheme Dewey Decimal Classification
Koha item type Fiction
Classification part Fic.
Suppress in OPAC No

No items available.